Highest-Grossing Bollywood Movies Released in 2013 (Top 10) - Statistics

General Stats
  • This quiz has been taken 2 times
  • The average score is 6 of 10
Answer Stats
Answer % Correct
2 Chennai Express
100%
4 Yeh Jawaani Hai Deewani
100%
5 Aashiqui 2
50%
8 Bhaag Milkha Bhaag
50%
1 Dhoom 3
50%
10 Grand Masti
50%
3 Krrish 3
50%
9 Race 2
50%
6 Ram-Leela
50%
7 Vishwaroopam
0%
No matching quizzes found
Score Distribution
Percent of People with Each Score
Percentile by Number Answered
Your Score History
You have not taken this quiz